[Event "Baku"]
[Site "Baku"]
[Date "1986.??.??"]
[Round "?"]
[White "King, Daniel J"]
[Black "Guseinov, Aidyn"]
[Result "0-1"]
[WhiteElo "2435"]
[BlackElo "2300"]

1.Nf3 Nf6 2.c4 g6 3.g3 Bg7 4.Bg2 O-O 5.O-O d6 6.Nc3 c6 7.e4 e5 8.d4 Nbd7
9.h3 Qb6 10.d5 c5 11.Rb1 Ne8 12.Be3 h6 13.Qd2 Kh7 14.Ne1 Qd8 15.Nd3 a6 16.a4 Rb8
17.Kh2 f5 18.f4 exf4 19.Nxf4 Ne5 20.b3 Nc7 21.Qc2 Qe7 22.Rbe1 b5 23.cxb5 axb5
24.a5 b4 25.Na4 Kg8 26.Nb6 Ba6 27.Rg1 g5 28.Nh5 Bd3 29.Qd1 fxe4 30.Kh1 Nf3
31.Bxf3 Rxf3 32.Bxc5 Qf7 33.Nxg7 dxc5 34.d6 Qxg7 35.dxc7 Qxc7 36.Qa1 Rxg3  0-1

[Event "ITA-ch46"]
[Site "Cesenatico"]
[Date "1986.??.??"]
[Round "2"]
[White "Zichichi, Alvise"]
[Black "Bellia, Fabrizio"]
[Result "0-1"]
[WhiteElo "2405"]
[BlackElo "2230"]

1.Nf3 Nf6 2.c4 g6 3.g3 Bg7 4.Bg2 O-O 5.O-O d6 6.Nc3 e5 7.d3 Nc6 8.Rb1 a5
9.a3 Re8 10.Ne1 Nd4 11.b4 axb4 12.axb4 c6 13.Nc2 d5 14.cxd5 cxd5 15.Ne3 Be6
16.Re1 Qd7 17.Bd2 b5 18.Nf1 Rec8 19.e3 Nf5 20.Ra1 Nd6 21.Rxa8 Rxa8 22.Qb1 e4
23.dxe4 Nfxe4 24.Rc1 Ra3 25.Nxe4 dxe4 26.Be1 Bc4 27.Qc2 Bd3 28.Qc5 Nc4 29.Rd1 f5
30.h4 Ra8 31.Rxd3 Qxd3 32.Qxb5 Ra1 33.Qe8+ Bf8 34.h5  0-1

[Event "Capablanca mem-A"]
[Site "Cienfuegos"]
[Date "1986.??.??"]
[Round "13"]
[White "Kirov, Nino"]
[Black "Vladimirov, Evgeny"]
[Result "0-1"]
[WhiteElo "2485"]
[BlackElo "2490"]

1.Nf3 Nf6 2.g3 g6 3.Bg2 Bg7 4.c4 O-O 5.d4 d6 6.O-O Nc6 7.Nc3 a6 8.d5 Na5
9.Nd2 c5 10.Rb1 Rb8 11.b3 b5 12.Bb2 e5 13.dxe6 Bxe6 14.cxb5 axb5 15.Nde4 Ne8
16.Nd5 Nc6 17.Bxg7 Kxg7 18.Qd2 Bxd5 19.Qxd5 Nd4 20.Rb2 f5 21.e3 fxe4 22.exd4 Nf6
23.Qg5 cxd4 24.Rd1 d3 25.Rc1 Rc8 26.Rbb1 Qb6 27.Rxc8 Rxc8 28.Bxe4 Qxf2+  0-1

[Event "Copenhagen op"]
[Site "Copenhagen"]
[Date "1986.??.??"]
[Round "4"]
[White "Pigusov, Evgeny"]
[Black "De Boer, Gert Jan"]
[Result "1-0"]
[WhiteElo "2495"]
[BlackElo "2430"]

1.Nf3 Nf6 2.c4 g6 3.g3 Bg7 4.Bg2 O-O 5.d4 d5 6.cxd5 Nxd5 7.O-O Nb6 8.Nc3 Nc6
9.e3 e5 10.d5 Ne7 11.e4 Bg4 12.a4 c6 13.a5 Nbc8 14.Qb3 cxd5 15.Nxd5 Nxd5
16.exd5 Nd6 17.Be3 Re8 18.Bc5 Ne4 19.Bb4 Rb8 20.Qa3 Nf6 21.Bd6 Bxf3 22.Bxf3 Rc8
23.Rfd1 e4 24.Bg2 Ng4 25.Bh3 h5 26.Bxg4 hxg4 27.Bf4 Qd7 28.Rd2 Rc4 29.d6 Rec8
30.b3 Rc2 31.Rxc2 Rxc2 32.Rd1 Kf8 33.Be3 Rc3 34.Bxa7 Rd3 35.Rc1 Bd4 36.Bxd4 Rxd4
37.Rc8+ Kg7 38.Qb2 Qxc8 39.Qxd4+  1-0

[Event "DEN-ch"]
[Site "DEN"]
[Date "1986.??.??"]
[Round "7"]
[White "Sloth, Jorn"]
[Black "Kristiansen, Jens"]
[Result "1/2-1/2"]
[WhiteElo "2385"]
[BlackElo "2395"]

1.c4 g6 2.Nf3 Bg7 3.g3 Nf6 4.Bg2 O-O 5.O-O d6 6.d4 c6 7.Nc3 Bf5 8.Be3 Na6
9.h3 Rb8 10.Rc1 Nc7 11.Nh4 Bd7 12.Qd2 Re8 13.b4 b5 14.c5 a5 15.a3 Ra8 16.Bh6 Bh8
17.e4 axb4 18.axb4 dxc5 19.bxc5 Be6 20.Rb1 Bc4 21.Rfd1 Nd7 22.Bf1 Bxf1 23.Kxf1 Qc8
24.Kg2 Ra3 25.e5 Nf8 26.Bxf8 Rxf8 27.Qb2 Ra8 28.Qb3 Qd7 29.Nf3 Bg7  1/2-1/2

[Event "FIN-chT"]
[Site "?"]
[Date "1986.??.??"]
[Round "?"]
[White "Turunen, R."]
[Black "Kekki, Jorma"]
[Result "0-1"]
[WhiteElo "2300"]
[BlackElo "2320"]

1.c4 Nf6 2.Nf3 g6 3.g3 Bg7 4.Bg2 O-O 5.O-O d5 6.cxd5 Nxd5 7.Nc3 Nb6 8.d4 Nc6
9.e3 e5 10.dxe5 Nxe5 11.Nxe5 Bxe5 12.Qc2 c6 13.Rd1 Qe7 14.h3 Be6 15.e4 Rfd8
16.Rxd8+ Rxd8 17.Bd2 Nc4 18.Rd1 Nxd2 19.Rxd2 Rxd2 20.Qxd2 Qc5 21.Bf1 Bxg3
22.Kg2 Bc7 23.a3 Qe5 24.Qh6 Qh2+ 25.Kf3 Bb6 26.Bg2 Qe5 27.Qh4 Bc4 28.Nd1 h5
29.b4 g5  0-1

[Event "Troll Masters"]
[Site "Gausdal"]
[Date "1986.??.??"]
[Round "?"]
[White "Lauvsnes, Arild"]
[Black "Bjerke, Richard"]
[Result "0-1"]
[WhiteElo "2230"]
[BlackElo "2265"]

1.c4 Nf6 2.g3 g6 3.Bg2 Bg7 4.Nf3 O-O 5.O-O d5 6.cxd5 Nxd5 7.Nc3 Nc6 8.a3 h6
9.Qc2 Nb6 10.d3 e5 11.h3 Re8 12.Re1 Bf5 13.Kh2 Qe7 14.Be3 Rad8 15.Rac1 Nd4
16.Bxd4 exd4 17.Na4 Nd5 18.Nh4 c6 19.Nxf5 gxf5 20.Bf3 f4 21.Rg1 fxg3+ 22.Rxg3 Kh8
23.Qd2 Qh4 24.Nc5 Be5 25.Nxb7 Rg8 26.Rg1 Rxg3 27.fxg3 Rg8 28.Qe1 Ne3 29.Nc5 Rxg3
30.Rxg3 Bxg3+  0-1

[Event "Troll Masters"]
[Site "Gausdal"]
[Date "1986.??.??"]
[Round "?"]
[White "Lauvsnes, Arild"]
[Black "Wibe, Terje"]
[Result "1-0"]
[WhiteElo "2230"]
[BlackElo "2385"]

1.c4 Nf6 2.g3 g6 3.Bg2 Bg7 4.Nf3 O-O 5.O-O c6 6.Nc3 d6 7.Qc2 Bf5 8.d3 Qc8
9.b4 Bh3 10.Rb1 Bxg2 11.Kxg2 Nbd7 12.b5 cxb5 13.Rxb5 a6 14.Rb2 Nc5 15.Be3 Rb8
16.Rfb1 Ng4 17.Bd4 Bxd4 18.Nxd4 f5 19.Nd5 Rf7 20.Nf3 e6 21.Nf4 Rc7 22.Rb6 Qd7
23.h3 Nf6 24.Qb2 Rf8 25.Qb4 Rf7 26.Ng5 Re7 27.d4 h6 28.dxc5 dxc5 29.Qb2 hxg5
30.Nxg6  1-0

[Event "EU-ch U20"]
[Site "Groningen"]
[Date "1986.??.??"]
[Round "?"]
[White "Ninov, Kiril"]
[Black "Howell, James C"]
[Result "1-0"]
[WhiteElo "2315"]
[BlackElo "2400"]

1.Nf3 Nf6 2.g3 g6 3.Bg2 Bg7 4.c4 O-O 5.d4 d6 6.O-O Nbd7 7.Nc3 e5 8.e4 a6
9.Qc2 exd4 10.Nxd4 Ne5 11.b3 c5 12.Nde2 Rb8 13.Bb2 b5 14.cxb5 axb5 15.Rad1 c4
16.bxc4 bxc4 17.Ba3 Ne8 18.Nd4 Qa5 19.Bc1 Bb7 20.Ndb5 Nd3 21.Bd2 Qa8 22.a4 Rc8
23.Be3 f5 24.Nd5 Bxd5 25.exd5 Qa6 26.Rb1 Nf6 27.Bd4 Nc5 28.Qxc4 Nce4 29.Qa2 Qa5
30.Rb2 Rfd8 31.Na7 Nd7 32.Nxc8 Rxc8 33.Bxg7 Kxg7 34.Rb7 Nc5 35.Rb5 Qxa4 36.Qxa4 Nxa4
37.Ra1 Nac5 38.Ra7 Kf6 39.f4 Re8 40.Bf3 h5 41.Rb1 Re3 42.Bg2 g5 43.Rc7 h4
44.fxg5+ Kxg5 45.gxh4+ Kxh4 46.Rc6 f4 47.Rxd6 Ne5 48.Rh6+ Kg5 49.Rh8 f3 50.Rg8+ Kf4
51.Rb4+ Ne4 52.Bf1 Re1 53.d6 Ke3 54.Rb3+ Kf4 55.Rb4 Ke3 56.Rb3+ Kf4 57.Rf8+ Kg4
58.Rb4 Kh5 59.Rf5+ Ng5 60.h4 f2+ 61.Kg2  1-0

[Event "Holon op"]
[Site "Holon"]
[Date "1986.??.??"]
[Round "?"]
[White "Stepak, Yedael"]
[Black "Birnboim, Nathan"]
[Result "0-1"]
[WhiteElo "2300"]
[BlackElo "2430"]

1.Nf3 Nf6 2.c4 g6 3.g3 Bg7 4.Bg2 O-O 5.O-O d5 6.cxd5 Nxd5 7.Nc3 Nc6 8.Qa4 e6
9.Nxd5 exd5 10.d4 Bf5 11.Rd1 Re8 12.Be3 Qd6 13.Rac1 a5 14.Rc5 Qd7 15.a3 Bf8
16.Rcc1 Ra6 17.Qb3 a4 18.Qc3 f6 19.Ne1 Rb6 20.Nd3 Rb3 21.Qd2 Bxd3 22.exd3 Ra8
23.Rc3 Na5 24.Rxb3 Nxb3 25.Qe2 c6 26.g4 Bd6 27.Qf3 f5 28.gxf5 Qxf5 29.Qxf5 gxf5
30.f4 Kf7 31.Kf2 Rg8 32.Bf3 Bc7 33.Re1 Ba5 34.Bh5+ Kf6 35.Rf1 Bb6 36.Bd1 Bxd4
37.Bxb3 Bxe3+ 38.Kxe3 axb3 39.Rf2 Rg1 40.Kd2 d4 41.Ke2 Rc1 42.Rf3 Rc2+ 43.Kd1 Rxh2
44.Kc1 h5 45.Rg3 h4 46.Rg8 h3  0-1

[Event "HUN-ch"]
[Site "?"]
[Date "1986.??.??"]
[Round "?"]
[White "Szekely, Peter"]
[Black "Utasi, Tamas"]
[Result "1/2-1/2"]
[WhiteElo "2430"]
[BlackElo "2440"]

1.Nf3 Nf6 2.c4 g6 3.g3 Bg7 4.Bg2 O-O 5.d4 d6 6.O-O Nc6 7.Nc3 Bd7 8.h3 Rb8
9.e4 Qc8 10.Kh2 e5 11.Be3 exd4 12.Nxd4 a6 13.Qd2 Ne5 14.Qe2 c5 15.Nf3 Nxf3+
16.Qxf3 Be6  1/2-1/2

[Event "ISR-ch"]
[Site "?"]
[Date "1986.??.??"]
[Round "?"]
[White "Greenfeld, Alon"]
[Black "Rechlis, Gad"]
[Result "1-0"]
[WhiteElo "2505"]
[BlackElo "2415"]

1.Nf3 Nf6 2.c4 g6 3.g3 Bg7 4.Bg2 O-O 5.O-O d6 6.Nc3 c6 7.d4 Qa5 8.h3 Qa6
9.b3 b5 10.Nd2 Bb7 11.Bb2 Nbd7 12.e3 bxc4 13.bxc4 c5 14.d5 Nb6 15.Qb3 Rab8
16.a4 Nbxd5 17.cxd5 Bxd5 18.Nxd5 Rxb3 19.Bxf6 Rd3 20.Nxe7+ Kh8 21.Bxg7+ Kxg7
22.Ra2 Qa5 23.Nc6 Qc7 24.Rc1 Re8 25.Bf1 Rd5 26.Bg2 Qxc6 27.Nb1 Ree5 28.Nc3 c4
29.Nxd5 Qc5 30.e4 Qd4 31.Rac2 Rxe4 32.Bxe4 Qxe4 33.Ne3 d5 34.Rd2 c3 35.Rxd5 Qxa4
36.Rc5 Qd7 37.h4  1-0

[Event "Jajce (Women)"]
[Site "Jajce"]
[Date "1986.??.??"]
[Round "2"]
[White "Voiska, Margarita"]
[Black "Cejic, Dusica"]
[Result "1-0"]
[WhiteElo "2245"]
[BlackElo "2050"]

1.Nf3 Nf6 2.c4 g6 3.g3 Bg7 4.Bg2 O-O 5.O-O d6 6.Nc3 c6 7.d4 Nbd7 8.e4 e5
9.h3 exd4 10.Nxd4 Re8 11.Be3 Nc5 12.Qc2 a5 13.Rfe1 a4 14.Rab1 Nfd7 15.b4 axb3
16.axb3 Ne5 17.Red1 Na6 18.Na2 Qe7 19.f4 Nd7 20.Bf2 Ndc5 21.Re1 Ne6 22.Rbd1 Nxd4
23.Bxd4 Bxd4+ 24.Rxd4 f5 25.Nc3 Nb4 26.Qd2 Ra3 27.Re2 Qf8 28.Qb2 Ra8 29.Red2 fxe4
30.Nxe4 d5 31.cxd5 c5 32.Rxb4 cxb4 33.Nf6+ Kf7 34.Nxe8 Qxe8 35.Re2 Qd8 36.Qd4 Qd6
37.Qh8  1-0

[Event "Jajce (Women)"]
[Site "Jajce"]
[Date "1986.??.??"]
[Round "10"]
[White "Cejic, Dusica"]
[Black "Akhmilovskaya, Elena"]
[Result "0-1"]
[WhiteElo "2050"]
[BlackElo "2290"]

1.Nf3 Nf6 2.c4 g6 3.g3 Bg7 4.Bg2 O-O 5.O-O d6 6.d4 Nbd7 7.Nc3 e5 8.e4 c6
9.h3 Qb6 10.c5 dxc5 11.dxe5 Ne8 12.e6 fxe6 13.Ng5 Ne5 14.Na4 Qb4 15.Be3 b6
16.a3 Qb5 17.f4 Nc4 18.Bf2 e5 19.b3 Ncd6 20.Nc3 Qa6 21.f5 h6 22.Ne6 Bxe6
23.fxe6 Qb7 24.h4 Qe7 25.Bh3 Nc7 26.Qg4 Rf6 27.Be3 Raf8 28.Rxf6 Rxf6 29.h5 g5
30.Rf1 Rxe6 31.Qe2 Rf6 32.Bf5 Nd5 33.exd5 Rxf5 34.Rxf5 Nxf5 35.dxc6 Nd6 36.Nd5 Qe6
37.Qd1 e4  0-1

[Event "GLC Masters"]
[Site "London"]
[Date "1986.??.??"]
[Round "2"]
[White "Orr, Mark J L"]
[Black "McDonald, Neil R"]
[Result "1-0"]
[WhiteElo "2330"]
[BlackElo "2320"]

1.Nf3 Nf6 2.c4 g6 3.g3 Bg7 4.Bg2 O-O 5.O-O d6 6.d4 Nbd7 7.Nc3 e5 8.e4 c6
9.b3 Re8 10.Re1 Qb6 11.h3 exd4 12.Na4 Qa6 13.Nxd4 b5 14.cxb5 cxb5 15.Bf1 Rxe4
16.Bb2 Rxe1 17.Qxe1 Ne5 18.f4 Nc4 19.bxc4 Qxa4 20.Nxb5 Be6 21.Qd1 Qa5 22.Bc3 Qb6+
23.Bd4 Qd8 24.Nxa7 Qd7 25.Nb5 Bxh3 26.a4 Bxf1 27.Qxf1 Qg4 28.Ra3 Nh5 29.Bxg7 Kxg7
30.Kh2 Re8 31.Nd4 Re4 32.Qf3 Nf6 33.Qxg4 Nxg4+ 34.Kh3 Rxd4 35.Kxg4 Rxc4 36.a5 Rc7
37.Kf3 Kf6 38.Ke4 Ke6 39.a6 Ra7 40.Kd4 Kd7 41.Kd5 h5 42.Ra1 Ra8 43.a7 Kc7
44.Ra2 f6 45.Ke6 g5 46.f5 h4 47.g4 Kb6 48.Kxf6 Rxa7 49.Rh2 Kc5 50.Kxg5 Kd5
51.f6 Ke6 52.Kg6 Ra4 53.g5  1-0

[Event "GLC Masters"]
[Site "London"]
[Date "1986.??.??"]
[Round "4"]
[White "Orr, Mark J L"]
[Black "Knott, Simon JB"]
[Result "1/2-1/2"]
[WhiteElo "2330"]
[BlackElo "2320"]

1.Nf3 Nf6 2.c4 g6 3.g3 Bg7 4.Bg2 O-O 5.O-O Nc6 6.d4 d5 7.cxd5 Nxd5 8.Nc3 Nb6
9.e3 Re8 10.Ne1 e5 11.d5 Na5 12.e4 c6 13.Nc2 cxd5 14.Nxd5 Nxd5 15.exd5 Nc4
16.Ne3 Nd6 17.Bd2 Bd7 18.Bb4 Bb5 19.Re1 a5 20.Bxd6 Qxd6 21.Qb3 Ba6 22.Rad1 a4
23.Qc2 Rec8 24.Qd2 Bh6  1/2-1/2

[Event "URS-ch sf"]
[Site "Lvov"]
[Date "1986.??.??"]
[Round "12"]
[White "Lisenko, Alexander V"]
[Black "Seredenko, Vladimir"]
[Result "1/2-1/2"]
[WhiteElo "2370"]
[BlackElo "2370"]

1.c4 Nf6 2.Nf3 g6 3.g3 Bg7 4.Bg2 O-O 5.O-O c6 6.d4 d6 7.Nc3 Be6 8.d5 Bd7
9.e4 Qc8 10.Re1 Bh3 11.Bh1 Bg4 12.Bf4 Nfd7 13.Qd2 Nb6 14.dxc6 Nxc6 15.b3 Nd7
16.Bh6 Bxf3 17.Bxf3 Nde5 18.Bd1 Nd4 19.Kg2 Nec6 20.Bxg7 Kxg7 21.Nb5 Nxb5
22.cxb5 Nd8 23.Rc1 Qd7 24.Qc3+ e5 25.Qc7 Qxb5 26.Bg4 Qb4 27.Bd7 a5 28.Re2 Ra6
29.Rc4 Qb6 30.Rd2 Kf6 31.Rd5 Ne6 32.Bxe6 Kxe6 33.Qxb6 Rxb6 34.Rxa5 Kd7 35.f4 f6
36.Kf3 Rc6 37.Rxc6 Kxc6 38.Ke3 g5 39.Ra4 gxf4+ 40.gxf4 Rg8 41.Rc4+ Kd7 42.Rc2 Rg4
43.Rf2 Rh4  1/2-1/2

[Event "Oakham YM"]
[Site "Oakham"]
[Date "1986.??.??"]
[Round "6"]
[White "Foguenne, Marc"]
[Black "Wolff, Patrick G"]
[Result "1/2-1/2"]
[WhiteElo "2250"]
[BlackElo "2370"]

1.Nf3 Nf6 2.c4 g6 3.g3 Bg7 4.Bg2 O-O 5.O-O d5 6.cxd5 Nxd5 7.d4 Nb6 8.Nc3 Nc6
9.e3 e6 10.Ne1 e5 11.d5 Ne7 12.e4 f5 13.Bg5 h6 14.Bxe7 Qxe7 15.a4 f4 16.a5 Nc4
17.b3 Nd6 18.Nd3 g5 19.Bf3 Bh3 20.Re1 Qf6 21.Bg4 Bxg4 22.Qxg4 Qg6 23.Qe6+ Qxe6
24.dxe6 Rfe8 25.Red1 Rxe6 26.Nc5 Ree8 27.a6 b6 28.Nb7 Bf8 29.Nd5 Rec8 30.Nxd6 Bxd6
31.Rac1 Kf8 32.Rc6 Ke8 33.Rdc1 Kd7 34.g4 Rf8 35.Kf1 Rac8 36.f3 Ke6 37.b4 b5
38.Kg2  1/2-1/2

[Event "POL-ch"]
[Site "?"]
[Date "1986.??.??"]
[Round "6"]
[White "Bany, Jerzy"]
[Black "Hawelko, Marek"]
[Result "1/2-1/2"]
[WhiteElo "2390"]
[BlackElo "2440"]

1.Nf3 Nf6 2.c4 g6 3.g3 Bg7 4.Bg2 O-O 5.O-O d5 6.cxd5 Nxd5 7.Nc3 Nc6 8.Nxd5 Qxd5
9.d3 Qb5 10.Qc2 a5 11.Bf4 a4 12.Rab1 Be6 13.b3 axb3 14.axb3 Rfc8 15.Rfc1 Nb4
16.Qc5 Qxc5 17.Rxc5 c6 18.Bd2 Nd5 19.b4 Ra2 20.e4 Nc7 21.Ra5 Nb5 22.Rxa2 Bxa2
23.Rc1 Ra8 24.Be3 Bc3 25.Bc5 e6 26.Bf1 Ra4 27.d4 Bxb4 28.Bxb5 cxb5 29.Bxb4 Rxb4
30.Rc7 Bb1 31.Ng5 h6 32.Nxf7 Bxe4 33.f3 Bd5 34.Ne5 g5 35.Ng4 Rxd4 36.Nf6+ Kf8
37.Rd7 b4 38.Nh7+  1/2-1/2

[Event "POL-ch"]
[Site "?"]
[Date "1986.??.??"]
[Round "9"]
[White "Bany, Jerzy"]
[Black "Czerwonski, Aleksander"]
[Result "1-0"]
[WhiteElo "2390"]
[BlackElo "2320"]

1.Nf3 Nf6 2.g3 g6 3.c4 Bg7 4.Bg2 O-O 5.O-O c5 6.d4 cxd4 7.Nxd4 d6 8.Nc3 Qa5
9.h3 Nc6 10.Ncb5 a6 11.Bd2 Qb6 12.Nxc6 bxc6 13.Be3 Qb7 14.Nd4 Bd7 15.Qd2 a5
16.Rab1 Rfb8 17.Bh6 Bh8 18.Qe3 Re8 19.Rfd1 Qc7 20.Nf3 Rab8 21.b3 a4 22.bxa4 Ra8
23.Qa3 c5 24.Ng5 Rxa4 25.Qb3 Bc6 26.e4 Rea8 27.e5 dxe5 28.Bxc6 Qxc6 29.Qb8+ Ne8
30.Qb7 Qxb7 31.Rxb7 Bf6 32.Ne4 Bg7 33.Bxg7 Kxg7 34.Rxe7 R4a7 35.Rxe5 Rxa2
36.Rd7 Re2 37.Rde7 Nf6 38.Nxf6 Rxe5 39.Rxe5 Kxf6 40.Rxc5 Ra1+ 41.Kg2 Rc1
42.g4 Ke6 43.g5 Kd6 44.Rd5+ Ke6 45.Rd4 f6 46.Re4+ Kf5 47.gxf6 Kxf6 48.h4 Kf5
49.f3 Rc2+ 50.Kg3 h6 51.Rd4 Ke5 52.Rd5+ Ke6 53.Rc5 Rc1 54.Rc6+ Kf5 55.Rc5+ Ke6
56.Kf4 Kd6 57.Rd5+ Ke6 58.Re5+ Kf6 59.Rc5 Ke6 60.Rc6+ Kf7 61.c5 Rc4+ 62.Ke5 Rxh4
63.Rc7+ Ke8 64.f4 g5 65.f5 Kd8 66.Rh7 Rc4 67.f6 Ke8 68.Ke6 Re4+ 69.Kf5 Rf4+
70.Kg6 g4 71.Re7+ Kd8 72.Re3 h5 73.f7 Kc7 74.Re7+ Kc6 75.Re6+  1-0

[Event "POL-chT"]
[Site "Porabka"]
[Date "1986.??.??"]
[Round "?"]
[White "Rosiak, Andrzej"]
[Black "Kujawski, Ryszard"]
[Result "1/2-1/2"]
[WhiteElo "2330"]
[BlackElo "2225"]

1.c4 Nf6 2.Nf3 g6 3.g3 Bg7 4.Bg2 O-O 5.O-O d6 6.Nc3 Nc6 7.d3 e5 8.Rb1 a5
9.a3 Nd4 10.b4 axb4 11.axb4 c6 12.b5 Bg4 13.bxc6 bxc6 14.Nxd4 exd4 15.Ne4 Nxe4
16.Bxe4 Re8 17.Re1 d5 18.cxd5 cxd5 19.Bf3 Qd7 20.Bf4 Bf5  1/2-1/2

[Event "POL-chT"]
[Site "Porabka"]
[Date "1986.??.??"]
[Round "?"]
[White "Doda, Zbigniew"]
[Black "Bakalarz, Mieczyslaw"]
[Result "1/2-1/2"]
[WhiteElo "2350"]
[BlackElo "2275"]

1.Nf3 Nf6 2.g3 g6 3.Bg2 Bg7 4.c4 O-O 5.O-O d6 6.Nc3 Nc6 7.d3 e5 8.Rb1 a5
9.a3 h6 10.b4 axb4 11.axb4 Be6  1/2-1/2

[Event "POL-chT"]
[Site "Porabka"]
[Date "1986.??.??"]
[Round "?"]
[White "Bugajski, Robert"]
[Black "Kujawski, Ryszard"]
[Result "1-0"]
[WhiteElo "2270"]
[BlackElo "2225"]

1.c4 g6 2.g3 Bg7 3.Bg2 Nf6 4.Nf3 O-O 5.O-O d6 6.d4 Nc6 7.Nc3 a6 8.b3 Rb8
9.Bb2 b5 10.cxb5 axb5 11.Rc1 b4 12.Nb1 Na7 13.Ne1 c6 14.Qc2 Ba6 15.Nd3 Nd7
16.Rfd1 Qb6 17.Nf4 Rfc8 18.Bh3 Qd8 19.Nd2 Nb5 20.Ne4 Rc7 21.Qd2 Bc8 22.d5 Bxb2
23.Qxb2 Ne5 24.Bxc8 Qxc8 25.dxc6 Qf5 26.f3 Rxc6 27.Nd5 Rxc1 28.Qxc1 Qe6 29.Nxb4 Rc8
30.Qd2 Qd7 31.Nd5 Qa7+ 32.Kg2 Nc6 33.Rc1 Kf8 34.Qh6+ Ke8 35.Qxh7 Qd4 36.Nef6+ exf6
37.Qg8+ Kd7 38.Qxf7+ Kd8 39.Nxf6 Qa7 40.Qe8+ Kc7 41.Rxc6+  1-0

[Event "POL-chT"]
[Site "Porabka"]
[Date "1986.??.??"]
[Round "?"]
[White "Kardys, Zbigniew"]
[Black "Szopka, Dariusz"]
[Result "0-1"]
[WhiteElo "2245"]
[BlackElo "2220"]

1.Nf3 Nf6 2.c4 g6 3.g3 Bg7 4.Bg2 O-O 5.O-O d6 6.d4 Nbd7 7.Nc3 e5 8.b3 exd4
9.Nxd4 Re8 10.Bb2 Nc5 11.Qc2 Qe7 12.Rae1 c6 13.e3 Nce4 14.Nxe4 Nxe4 15.f3 Nf6
16.e4 h5 17.h4 Qc7 18.Ne2 Bd7 19.Nf4 Re7 20.Rd1 Rd8 21.Rd2 Bc8 22.Rfd1 Ne8
23.Bxg7 Kxg7 24.Qc3+ Kh7 25.c5 Be6 26.Bh3 Bxh3 27.Nxh3 d5 28.f4 Red7 29.Ng5+ Kg8
30.e5 Re7 31.Qd3 Ng7 32.Ne4 Qc8 33.Kg2 Qf5 34.Nd6 Qg4 35.Qf3 Nf5 36.Qxg4 hxg4
37.Nxf5 gxf5 38.Rd4 b6 39.b4 bxc5 40.bxc5 Rb8 41.R1d2 Rb5 42.Rc2 f6 43.exf6 Re1
44.a4 Rb3 45.Kh2 Kf7 46.Rdd2 Kxf6 47.Rb2 Ree3 48.Rxb3 Rxb3 49.Re2 Rc3 50.h5 Rxc5
51.h6 Kg6 52.Re6+ Kh7 53.Rd6 Rc4 54.a5 d4 55.a6 c5 56.Kg2 Rc3 57.Rd7+ Kxh6
58.Rxa7 d3 59.Rd7 c4 60.Rd4 Rc2+ 61.Kf1 Ra2 62.Rxc4 Ra1+ 63.Kf2 d2 64.Rc6+ Kh5  0-1

[Event "POL-chT"]
[Site "Porabka"]
[Date "1986.??.??"]
[Round "?"]
[White "Rosiak, Andrzej"]
[Black "Adamski, Andrzej"]
[Result "1-0"]
[WhiteElo "2330"]
[BlackElo "2370"]

1.c4 Nf6 2.Nf3 g6 3.g3 Bg7 4.Bg2 O-O 5.Nc3 d6 6.O-O c6 7.d3 e5 8.Rb1 a5 9.a3 Nh5
10.b4 axb4 11.axb4 f5 12.Qc2 h6 13.b5 g5 14.bxc6 bxc6 15.Nd2 Kh8 16.Bb2 Ra7
17.Na4 Be6 18.Bc3 f4 19.Rb6 fxg3 20.hxg3 Nf6 21.Rfb1 Nfd7 22.R6b2 d5 23.Bb4 Rf7
24.Nc5 Nxc5 25.Bxc5 Ra8 26.Ra2 Nd7 27.Rxa8 Qxa8 28.cxd5 cxd5 29.Bd6 Qa7 30.e3 Qa6
31.Bc7 Nf8 32.Bb6 Qa8 33.Rc1 Qa6 34.Bc5 Rc7 35.d4 exd4 36.exd4 Rf7 37.Re1 Qc8
38.Qb3 Rb7 39.Qe3 Bg8 40.Nf3 Nd7 41.Bd6 Rb6 42.Be5 Nxe5 43.Nxe5 Qf5 44.Bf1 Bh7
45.Bd3 Qe6 46.Qf3 Kg8 47.Bxh7+ Kxh7 48.Kg2 Kg8 49.Re2 Rb8 50.Qd3 Re8 51.Re3 Bxe5
52.Rxe5 Qf7 53.Rf5 Qe6 54.Qf3 Rd8 55.Rf6 Qe4 56.Rxh6 Kg7 57.Rf6 g4 58.Qxe4 dxe4
59.Rf4 Rxd4 60.Kf1 Rc4 61.Ke2 Kg6 62.Rxg4+ Kf5 63.Rh4 Rc2+ 64.Kf1 Rb2 65.Rh5+ Kf6
66.Rh8 Rb4 67.Rf8+ Ke7 68.Ra8 Ke6 69.Kg2 Rb7 70.Rf8 Rg7 71.Kh3 Rh7+ 72.Kg4 Ke5
73.Kg5 Rh2 74.g4 Kd4 75.Kg6 Kd3 76.g5 Rh1 77.Kg7 Rh3 78.g6 Rf3 79.Rxf3+ exf3
80.Kf6 Ke2 81.g7 Kxf2 82.g8=Q Ke1 83.Qe6+ Kd2 84.Qd5+ Ke2  1-0

[Event "Quebec int"]
[Site "Quebec"]
[Date "1986.??.??"]
[Round "3"]
[White "Pelts, Roman"]
[Black "Schroer, Jonathan"]
[Result "1/2-1/2"]
[WhiteElo "2440"]
[BlackElo "2370"]

1.Nf3 Nf6 2.c4 g6 3.g3 Bg7 4.Bg2 O-O 5.d4 d6 6.O-O Nbd7 7.Qc2 a6 8.Nc3 Rb8
9.a4 a5 10.e4 e5 11.Rd1 exd4 12.Nxd4 Re8 13.Ndb5 Nc5 14.Be3 Qe7 15.Bxc5 dxc5
16.f4 Bg4 17.e5 Bxd1 18.Rxd1 c6 19.Nd6 Red8 20.exf6 Bxf6 21.Nde4 Bd4+ 22.Kf1 f5
23.Nf2 Qe6 24.Ne2 Bxf2 25.Rxd8+ Rxd8 26.Kxf2 Qd7 27.Ke1 Qe6  1/2-1/2

[Event "BUL-DDR"]
[Site "Sofia"]
[Date "1986.??.??"]
[Round "2"]
[White "Espig, Lutz"]
[Black "Georgiev, Krum"]
[Result "1/2-1/2"]
[WhiteElo "2395"]
[BlackElo "2460"]

1.Nf3 Nf6 2.c4 g6 3.g3 Bg7 4.Bg2 O-O 5.d4 d6 6.O-O c6 7.Nc3 a6 8.e4 Nfd7
9.Be3 b5 10.c5 dxc5 11.dxc5 a5 12.Qc2 Na6 13.Rfd1 Qc7 14.Ne2 Nb4  1/2-1/2

[Event "BCF-ch"]
[Site "Southampton"]
[Date "1986.??.??"]
[Round "10"]
[White "Bell, Stephen"]
[Black "Bowden, Karl"]
[Result "1/2-1/2"]
[WhiteElo "2360"]
[BlackElo "2340"]

1.c4 g6 2.g3 Bg7 3.Bg2 Nf6 4.Nf3 O-O 5.O-O d6 6.d4 Nc6 7.Nc3 a6 8.h3 Rb8
9.e4 Nd7 10.Be3 b5 11.cxb5 axb5 12.b3 b4 13.Na4 Ba6 14.Re1 Na7 15.Qc2 c6
16.e5 Bb5 17.Rac1 Qa5 18.Bf4 Nc8 19.Ng5 dxe5 20.dxe5 e6 21.h4 Ne7 22.h5 Bxa4
23.hxg6 hxg6 24.bxa4 Rbc8 25.Bh3 Nxe5 26.Bxe5 Bxe5 27.Nxe6 fxe6 28.Bxe6+ Kg7
29.Bxc8 Rxc8 30.Rcd1 Qc7 31.Re4 Bc3 32.Re6 Rf8 33.Rdd6  1/2-1/2

[Event "BCF-ch"]
[Site "Southampton"]
[Date "1986.??.??"]
[Round "11"]
[White "Condie, Mark L"]
[Black "Watson, William N"]
[Result "1/2-1/2"]
[WhiteElo "2410"]
[BlackElo "2495"]

1.Nf3 Nf6 2.c4 g6 3.g3 Bg7 4.Bg2 O-O 5.O-O d6 6.d4 c6 7.Nc3 a6 8.e4 Nfd7
9.Re1 b5 10.cxb5 axb5 11.b4 Nb6 12.a4 bxa4 13.Nxa4 N8d7 14.Bf4 Nxa4 15.Rxa4 Ba6
16.Qc1 Nb6 17.Ra1 Bb5  1/2-1/2

[Event "Szirak"]
[Site "Szirak"]
[Date "1986.??.??"]
[Round "?"]
[White "Romanishin, Oleg M"]
[Black "Hazai, Laszlo"]
[Result "1/2-1/2"]
[WhiteElo "2560"]
[BlackElo "2480"]

1.Nf3 Nf6 2.c4 g6 3.g3 Bg7 4.Bg2 O-O 5.d4 d6 6.O-O c5 7.b3 Nc6 8.Bb2 cxd4
9.Nxd4 Bd7 10.Nc3 Qa5 11.e3 Rfc8 12.h3 Rab8 13.a3 a6 14.Rc1 b5 15.b4 Qb6
16.c5 dxc5 17.bxc5 Qc7 18.Na2 a5 19.Nc3 Ne5 20.c6 Nxc6 21.Ncxb5 Qb6 22.Nxc6  1/2-1/2

[Event "Tirnavia-B"]
[Site "Trnava"]
[Date "1986.??.??"]
[Round "3"]
[White "Jurek, Josef"]
[Black "Lanka, Zigurds"]
[Result "0-1"]
[WhiteElo "2355"]
[BlackElo "2370"]

1.Nf3 Nf6 2.c4 g6 3.g3 Bg7 4.Bg2 O-O 5.d4 d6 6.Nc3 Nc6 7.O-O a6 8.d5 Na5
9.Nd2 c5 10.Qc2 Rb8 11.b3 b5 12.Bb2 e5 13.Rae1 Nd7 14.e4 bxc4 15.bxc4 Nb6
16.Nd1 Qe8 17.Ne3 Qa4 18.Qxa4 Nxa4 19.Ba1 Bd7 20.Rb1 Bh6 21.Rxb8 Rxb8 22.Rc1 Kf8
23.Bf1 Ke7 24.Bd3 Rb4 25.Rb1 Bxe3 26.fxe3 f6 27.a3 Rxb1+ 28.Bxb1 Nb6 29.Ba2 Ba4
30.Bc3 Nb7 31.Bb1 h5 32.Kf2 Kf7 33.Bd3 Kg7 34.h3 Bd7 35.Kg2 Na4 36.Ba1 Na5
37.Kh2 Kf7 38.Kg2 Ke7 39.Kh2 Nb7 40.Bc2 Nb6 41.Bc3 Ba4 42.Bb1 Bd1 43.Kg2 Be2
44.Kf2 Bd1 45.Ke1 Ba4 46.Kf2 Nd7 47.Bd3 Nf8 48.Ke1 Nh7 49.Nf3 Bd7 50.Bf1 Ng5
51.Nxg5 fxg5 52.Kd2 Kd8 53.Kc2 Kc7 54.Kb3 Kb6 55.Kb2 Nd8 56.Kb3 Nf7 57.a4 a5
58.Be1 Ka6 59.Ka3 Nh6 60.h4 Bg4 61.Bg2 Nf7 62.Kb3 Bd1+ 63.Ka3 g4 64.Bf1 Bc2
65.Kb2 Bxa4 66.Bd3 g5 67.Bc2 Bxc2 68.Kxc2 gxh4 69.gxh4 Nh6  0-1

[Event "Zenica"]
[Site "Zenica"]
[Date "1986.??.??"]
[Round "1"]
[White "Cvitan, Ognjen"]
[Black "Vukic, Milan"]
[Result "1/2-1/2"]
[WhiteElo "2465"]
[BlackElo "2465"]

1.Nf3 Nf6 2.c4 g6 3.g3 Bg7 4.Bg2 O-O 5.O-O d6 6.d4 c6 7.Nc3 Qa5 8.h3 Be6
9.Nd2 Na6 10.a3 Nc7 11.d5 cxd5 12.Nb3 Qa6 13.cxd5 Bd7 14.a4 Rfc8 15.e4 Nfe8
16.Bd2 Qb6 17.a5 Qb4 18.Re1 Na6 19.Bf1 Nc5 20.Nxc5 Qxc5 21.Qb3 Bd4 22.Be3 Bxe3
23.Rxe3 b6 24.a6 Rab8 25.e5 b5 26.exd6 Qxd6 27.Rae1 Nf6 28.Rxe7 Re8 29.Rxe8+ Bxe8
30.Ne4 Nxe4 31.Rxe4 Qxa6 32.Qe3 Bd7 33.Qf4 Re8 34.Rxe8+ Bxe8 35.Qb8 Kf8 36.d6 Qb6
37.Qc7 Qxc7 38.dxc7 Bd7 39.Bxb5 Bc8 40.g4 Ke7 41.g5 Kd6 42.Bc4 Kxc7 43.Bxf7 Bxh3
44.Bg8 Kd6 45.Bxh7 Bf5 46.Kg2 Ke5 47.Kf3 Kd4 48.Kf4 a5 49.Bg8 Bd7 50.Bf7 Bf5
51.f3 Bd3 52.Be8 Bf5 53.Bc6 Be6 54.Be4 Bf7 55.Bc2 Be8 56.Be4 Bf7 57.Bb1 Be8
58.Kg4 Ke3 59.f4 Bd7+ 60.Kg3 Be8 61.f5 gxf5 62.Bxf5 Bf7 63.Bc2 Be8 64.g6  1/2-1/2

[Event "Aarhus-A"]
[Site "Aarhus"]
[Date "1987.??.??"]
[Round "5"]
[White "Hansen, J."]
[Black "Rewitz, Jan"]
[Result "0-1"]
[WhiteElo "2200"]
[BlackElo "2200"]

1.c4 Nf6 2.Nf3 g6 3.g3 Bg7 4.Bg2 O-O 5.O-O d6 6.Nc3 Nc6 7.Rb1 e5 8.d3 Bf5
9.Nh4 Be6 10.b4 Qd7 11.b5 Nd8 12.Re1 d5 13.cxd5 Nxd5 14.Ne4 b6 15.Bd2 h6
16.a4 g5 17.Nf3 f5 18.Nexg5 hxg5 19.Nxg5 Nf7 20.Nxe6 Qxe6 21.Qb3 e4 22.Rec1 Rad8
23.g4 exd3 24.gxf5 Qxe2 25.Bxd5 Qxd2 26.Rd1 Qc2 27.Rxd3 Qxb3 28.Rbxb3 Rfe8
29.Rg3 Rxd5 30.f6 Rg5 31.Rxg5 Nxg5 32.fxg7 Kxg7 33.Rg3 Kf6 34.h4 Ne6  0-1